000 00351nam a22001217a 4500
999 _c1982
_d1982
005 20200907115135.0
008 200907b ||||| |||| 00| 0 eng d
020 _a071951889X
040 _cCML
245 _aExploring Physics: Book Three.
_cDuncan, T.
260 _aLondon
_bJohn Murray
_c1969
942 _2ddc
_cBK
_e1st Edition
_h530
_mDUC